00686 a2200193 45000010006000000050017000060080041000230030015000640400040000790800084001192450053002030200018002562640044002743000019003180410008003371000021003457000031003668560095003975460020260407155820.0260407a1999 arg spa dAR-UNSa-BCEJYS aAR-UNSa-BCEJYSbspacAR-UNSa-BCEJYS a338.1xSituación económica. Ciclos. Desarrollo de la estructura económica10aDe vuelta a la economía de la gran depresión a958-04-5421-3 1aBogotá :bGrupo Editorial Normac1999 a256 p.c21 cm. aspa1 aKrugman, Paul R.1 aRecamán Santos, Bernardo41uhttps://biblioeco.unsa.edu.ar/pmb/images/libros/L128530.jpgyImagen de portadaqimage/jpeg